000 00306nam a2200133Ia 4500
008 231129s9999||||xx |||||||||||||| ||spa||
040 _bspa
082 _aCo864 P226v
100 _aPardo Carlos Orlando
245 0 _aVida y obra de Eutiquio Leal
260 _c197
264 _aPijao
942 _2ddc
_cBKS
999 _c26298
_d26298